Statistics for ariana grande discography quiz !

Click here to take the quiz!

General Stats

  • This quiz has been taken 113 times
  • The average score is 93 of 149

Answer Stats

song and album hints ♡titles ♡% Correct
sixth studio album | track 12positions
90%
third studio album | track 2dangerous woman
89%
track 8 (ft. mac miller)the way
89%
debut studio albumyours truly
89%
fourth studio album | track 6sweetener
87%
fifth studio album | track 11thank u, next
87%
track 107 rings
84%
track 13 (deluxe track) (with jessie j, ft. nicki minaj)bang bang
84%
sophomore studio album | track 12my everything
84%
track 2 (ft. iggy azalea)problem
84%
track 5 (ft. nicki minaj)side to side
84%
track 234+35
81%
track 2 (ft. pharrell williams)blazed
81%
track 9 (ft. the weeknd)love me harder
81%
track 11 (ft. mika)popular song
81%
track 1honeymoon avenue
80%
track 6 (ft. lil wayne)let me love you
80%
track 3 (ft. nicki minaj)the light is coming
80%
track 5 (ft. zedd)break free
79%
track 9 (ft. future)everyday
79%
track 10no tears left to cry
79%
track 5 (with the weeknd)off the table
79%
track 1imagine
77%
track 14pete davidson
77%
track 4bloodline
76%
track 11 (ft. missy elliot)borderline
76%
track 12break up with your girlfriend, i'm bored
76%
track 1intro
76%
track 3 (with doja cat)motive
76%
song with lady gaga, featured on chromatica - 2020rain on me
76%
track 3 (ft. big sean)right there
76%
track 7 (ft. ty dolla $ign)safety net
74%
track 8 (ft. childish gambino)break your heart right back
73%
track 8ghostin
73%
track 5god is a woman
73%
track 2needy
73%
track 2baby i
71%
track 3nasa
71%
song with nicki minaj, featured on queen - 2018bed
70%
track 6 (ft. big sean)best mistake
70%
track 15get well soon
70%
track 13goodnight n go
70%
track 11 (ft. a$ap ferg)hands on me
70%
track 8 (ft. macy gray)leave me lonely
70%
track 7make up
70%
track 8my hair
70%
track 14pov
70%
track 1raindrops (an angel cried)
70%
track 10 (ft. nathan sykes)almost is never enough
69%
track 7daydreamin'
69%
track 14 (japanese track) (ft. victoria monet)monopoly
69%
track 1moonlight
69%
track 6piano
69%
track 4r.e.m.
69%
track 1shut up
69%
track 17 (deluxe track) (ft. doja cat & megan thee stallion)34+35 (remix)
67%
track 9breathin
67%
track 5fake smile
67%
song with doja cat, featured on planet her - 2021i don't do drugs
67%
track 9in my head
67%
track 6six thirty
67%
track 7successful
67%
track 6bad idea
66%
song with social house, featured on everything changed... - 2019boyfriend
66%
track 8everytime
66%
track 4into you
66%
track 3one last time
66%
song with cashmere cat, featured on 9 - 2017quit
66%
song with justin bieber, released for first responders children's foundation - 2020stuck with u
66%
song on the charlie's angels soundtrack (with miley cyrus & lana del rey) - 2019don't call me angel
64%
track 4just like magic
64%
track 4tattooed heart
64%
track 13 (deluxe track)touch it
64%
track 10west side
64%
track 7 (ft. cashmere cat)be my baby
63%
track 12better left unsaid
63%
track 7greedy
63%
track 14 (deluxe track)knew better / forever boy
63%
track 9nasty
63%
track 16 (deluxe track)test drive
63%
track 15 (deluxe track)you don't know me
63%
track 9you'll never know
63%
track 12bad decisions
61%
track 3be alright
61%
track 12better off
61%
track 10just a little bit of your heart
61%
track 11love language
61%
track 10 (deluxe track)sometimes
61%
track 16 (target track)step on up
60%
track 15thinking bout you
60%
[singles / other songs]
debut single - 2011

put your hearts up
59%
song with nicki minaj, featured on the pinkprint - 2014get on your knees
59%
track 17 (target track)jason's song (gave it away)
59%
track 5lovin' it
59%
remix with the weeknd - 2021save your tears (remix)
59%
song with troye sivan, featured on bloom - 2018dance to this
57%
track 18 (japanese track)focus
57%
track 14 (deluxe track)only 1
57%
song with cashmere cat, featured on 9 (japanese deluxe) - 2015adore
56%
track 19 (deluxe track)main thing
56%
track 11 (deluxe track)i don't care
54%
song with demi lovato, featured on dancing with the devil... the art of starting over - 2021met him last night
54%
track 4why try
54%
track 18 (deluxe track)worst behavior
54%
song on the beauty and the beast soundtrack (with john legend) - 2017beauty and the beast
53%
track 13obvious
53%
song on mariah carey's magical christmas special soundtrack (with mariah carey, ft. jennifer hudson) - 2020oh santa!
53%
track 15 (deluxe track)someone like u (interlude)
53%
track 4 (ft. liz gillies)santa baby
50%
track 5 (reissue track)santa tell me
49%
track 3december
47%
song on the sing soundtrack (with stevie wonder) - 2016faith
47%
song on the charlie's angels soundtrack (with normani & nicki minaj) - 2019bad to you
46%
track 6winter things
46%
song on the charlie's angels soundtrack - 2019how i look on you
44%
song with mac miller, featured on the divine feminine - 2016my favorite part
44%
track 1last christmas
43%
song with 2 chainz, featured on rap or go to the league - 2019rule the world
43%
cover, originally by judy garland in the wizard of oz, released for one love manchester - 2017somewhere over the rainbow
43%
remix with lizzo, featured on cuz i love you (super deluxe) - 2019good as hell (remix)
41%
song on the hunger games: mockingjay, part 1 soundtrack (with major lazer) - 2014all my love
40%
track 5true love
40%
track 13 (japanese track) (ft. 2 chainz)7 rings (remix)
39%
track 2wit it this christmas
39%
song on the charlie's angels soundtrack (with victoria monet) - 2019got her own
37%
track 3snow in california
37%
track 16 (target track)cadillac song
36%
sophomore extended playchristmas & chill
36%
cover, originally by susan egan in hercules, released for the disney family singalong - 2020i won't say i'm in love
34%
track 4not just on christmas
34%
song with big sean, featured on dark sky paradise - 2015research
34%
song with who is fancy & meghan trainor - 2015boys like you
33%
song on the charlie's angels soundtrack (with chaka khan) - 2019nobody
33%
cover, originally by cheryl freeman in hercules, released for we love disney - 2015zero to hero
33%
track 2love is everything
31%
song on the trolls soundtrack - 2016they don't know
31%
debut extended playchristmas kisses
30%
song with donald glover, featured on 3.15.20 - 2020time
30%
track 17 (target track)too close
30%
song with calvin harris, featuring young thug & pharrell williams, featured on funk wav bounces vol. 1 - 2017
heatstroke
27%
song with idina menzel, featured on christmas: a season of love - 2019a hand for mrs. claus
26%
remix with nathan sykes, featured on unfinished business (deluxe) - 2016over and over again
24%
song with andrea bocelli, featured on cinema - 2015e piu ti penso
19%

Score Distribution

Percentile by Number Answered

Percent of People with Each Score

Your Score History

You have not taken this quiz